Speaking up : surviving executive presentations.
| Main Author: | |
|---|---|
| Format: | Book |
| Published: |
San Francisco:
Berrett - Koehler Publishers,
2013.
|
| Subjects: |
| LEADER | 00468cam a2200157 7i4500 | ||
|---|---|---|---|
| 001 | 0000030552 | ||
| 005 | 20140128090000.0 | ||
| 020 | 0 | 0 | |a 9781609948962 |
| 090 | 0 | 0 | |a B 658.452 |b GIL |
| 100 | 1 | 0 | |a Gilbert |
| 245 | 1 | 0 | |a Speaking up : |b surviving executive presentations. |
| 260 | 0 | 0 | |a San Francisco: |b Berrett - Koehler Publishers, |c 2013. |
| 300 | # | # | |a 202 p. |
| 650 | 0 | 0 | |a Public speaking |
| 650 | 0 | 0 | |a Business presentations |
| 999 | |a B000033787 |b Book |c Book |e Business Information Centre | ||


